Score 0/14 Timer 01:30
3 Plays Today
Hint 4-Letter Word % Correct
To let someone borrow somethingLEND
96.6%
Green citrus fruitLIME
96.5%
Not wildTAME
96.1%
Female spouseWIFE
95.5%
PbLEAD
94.5%
UncoolLAME
94.3%
⋆ All your _____⋆ LIFE ⋆
94.3%
Hint 4-Letter Word % Correct
⋆ Blackbird singing in the _____ of night ⋆⋆ DEAD ⋆
93.8%
A narrow roadLANE
93.7%
⋆ _____ these broken wings and learn to fly ⋆⋆ TAKE ⋆
93.7%
_____ of milk and honeyLAND
93.1%
Erie, egLAKE
92.3%
To send a telegramWIRE
88.6%
⋆ You _____ only waiting for this moment to arise ⋆ ⋆ WERE ⋆
83.2%

Today's Daily Dose

Quick Pick
2004 Events

Get the Picture
Thor Movies

You're not logged in!

Compare scores with friends on all Sporcle quizzes.
OR
Log In

Sporcle TV

Today on Sporcle TV


Watch our educational content, quiz creation guides, and fun videos on Sporcle TV.

Show Comments

Extras

Top Quizzes Today


Score Distribution

Paid Content

Your Account Isn't Verified!

In order to create a playlist on Sporcle, you need to verify the email address you used during registration. Go to your Sporcle Settings to finish the process.

Report this User

Report this user for behavior that violates our Community Guidelines.

Details: